<?xml version="1.0" encoding="UTF-8"?>
<record
    xmlns:xsi="http://www.w3.org/2001/XMLSchema-instance"
    xsi:schemaLocation="http://www.loc.gov/MARC21/slim http://www.loc.gov/standards/marcxml/schema/MARC21slim.xsd"
    xmlns="http://www.loc.gov/MARC21/slim">

  <leader>02036nam a2200229Ia 4500</leader>
  <controlfield tag="001">2857</controlfield>
  <controlfield tag="008">230305s2003    xx            000 0 und d</controlfield>
  <datafield tag="020" ind1=" " ind2=" ">
    <subfield code="a">9780743245067</subfield>
  </datafield>
  <datafield tag="040" ind1=" " ind2=" ">
    <subfield code="c">TBS</subfield>
  </datafield>
  <datafield tag="041" ind1=" " ind2=" ">
    <subfield code="a">eng</subfield>
  </datafield>
  <datafield tag="043" ind1=" " ind2=" ">
    <subfield code="a">en_UK</subfield>
  </datafield>
  <datafield tag="100" ind1=" " ind2=" ">
    <subfield code="a">Twitchell, James B</subfield>
    <subfield code="9">22121</subfield>
    <subfield code="e">author</subfield>
  </datafield>
  <datafield tag="245" ind1=" " ind2="0">
    <subfield code="a">Living it up</subfield>
    <subfield code="b">: America's love affair with luxury </subfield>
    <subfield code="c">/ James B. Twitchell.</subfield>
  </datafield>
  <datafield tag="260" ind1=" " ind2=" ">
    <subfield code="b">Simon &amp; Schuster,</subfield>
    <subfield code="c">2003</subfield>
  </datafield>
  <datafield tag="300" ind1=" " ind2=" ">
    <subfield code="a">xiii, 306 pages : illustrations ; 22 cm</subfield>
  </datafield>
  <datafield tag="500" ind1=" " ind2=" ">
    <subfield code="a">America's love affair with luxury</subfield>
  </datafield>
  <datafield tag="520" ind1=" " ind2=" ">
    <subfield code="a">Luxury isn't just for the rich, says James B. Twitchell. Today you don't need a six-figure income to wear pashmina, drink a limited-edition coffee at Starbucks, or drive a Mercedes home to collapse on the couch in front of a flat-screen plasma TV. In Living It Up, sharp-eyed consumer anthropologist Twitchell takes a witty and insightful look at luxury -- what it is, who defines it, and why we can't seem to get enough of it.
In recent years, says Twitchell, luxury spending has grown much faster than overall spending -- and it continues to grow despite the economic recession. Luxury has become such a powerful marketing force that it cuts across every layer of society, spawning a magazine devoted to spas, cashmere bedspreads on sale at Kmart, and a dazzling array of bottled waters.
Twitchell says that the democratization of luxury has had a unifying effect on culture. Luxury items tell a story that we want to identify with, and more people than ever aspire to the story of Ralph Lauren's Polo or Patek Philippe. Shopping itself is no longer a chore but a transcendent experience in which we shop not so much for goods as for an identity.
Sharply observed and wickedly funny, Living It Up is a revealing and entertaining examination of why we are all part of the cult of luxury.</subfield>
  </datafield>
  <datafield tag="630" ind1=" " ind2="0">
    <subfield code="a">&#x200B;&#x200B;MSc Fashion &amp; Luxury Marketing - Understanding Fashion &amp; Luxury Markets and customers&#x200B; </subfield>
    <subfield code="9">26039</subfield>
  </datafield>
  <datafield tag="650" ind1=" " ind2="0">
    <subfield code="a">Consumers </subfield>
    <subfield code="x">Psychology</subfield>
    <subfield code="9">7445</subfield>
  </datafield>
  <datafield tag="650" ind1=" " ind2="0">
    <subfield code="a">Luxuries </subfield>
    <subfield code="x">Marketing</subfield>
    <subfield code="9">7147</subfield>
  </datafield>
  <datafield tag="942" ind1=" " ind2=" ">
    <subfield code="2">lcc</subfield>
  </datafield>
  <datafield tag="952" ind1=" " ind2=" ">
    <subfield code="0">0</subfield>
    <subfield code="1">0</subfield>
    <subfield code="2">lcc</subfield>
    <subfield code="4">0</subfield>
    <subfield code="7">0</subfield>
    <subfield code="a">TBS</subfield>
    <subfield code="b">TBS</subfield>
    <subfield code="c">26</subfield>
    <subfield code="d">2020-09-22</subfield>
    <subfield code="l">0</subfield>
    <subfield code="o">HF5415.32 TWI</subfield>
    <subfield code="p">B01972</subfield>
    <subfield code="r">2020-09-22</subfield>
    <subfield code="w">2023-03-05</subfield>
    <subfield code="y">1</subfield>
  </datafield>
  <datafield tag="999" ind1=" " ind2=" ">
    <subfield code="c">2722</subfield>
    <subfield code="d">2722</subfield>
  </datafield>
</record>
